000 00193 a2200109 4500
020 _a9780448448831
041 _aspa
100 _aEric Carle
245 _aColores
942 _cBK
952 _71
999 _c21456
_d21456